00473 2200193 4500001002100000005001500021008004100036020001800077035001900095041000700114082000800121090001400129100002100143245002300164260005100187300001900238500000600257650001600263INLIS00000000000496720241224113018241224||||||||| | ||| |||| || |  a979-668-933-2 0010-1224004967 aid0 a005 a005 IND s0 aindah widiastuti00aSahabat Dunia Maya aSolobPT. Tiga Serangkai Pustaka Mandiric2005 a36 hlm.; 20 cm a1 0aCerita Anak